00446nam a22001457a 4500020001800000082001500018100003300033245003000066260005600096300000800152650001600160942000700176952010000183999001700283 a9789380359618 a303.61 VAR aVarma, RavindraaAnna Alomes aTowards a Nonviolent Mind aDelhi, IndiabLibrary Of Tibetan works And Archives a293 aNonviolence cBK 00104070aHMIbHMIcGENd2015-09-15g355.00l0o303.61 VARp24917r2015-09-15w2026-01-16yBK c19750d19750